| 000 | 00636nam a22001937a 4500 | ||
|---|---|---|---|
| 003 | OSt | ||
| 005 | 20180116183042.0 | ||
| 008 | 160223b xxu||||| |||| 00| 0 eng d | ||
| 020 | _a16-288-2012-2 | ||
| 024 | _216-288-2012-2 | ||
| 040 | _cLahore University of Management Sciences | ||
| 082 | _a174.4 LUM 2013 | ||
| 100 | _aMOEEN NASEER BUTT | ||
| 245 |
_aA NOTE ON SECONDARY DATA IN PAKISTAN: EDUCATION INDICATORS _cMOEEN NASEER BUTT |
||
| 260 |
_aLahore _bLahore University of Management Sciences _c2013 |
||
| 300 |
_a43 p. _bPapers |
||
| 440 | _aA NOTE ON SECONDARY DATA IN PAKISTAN: EDUCATION INDICATORS | ||
| 942 |
_2ddc _cCS |
||
| 999 |
_c351269 _d351269 |
||